Normal view
MARC view
- Sobrado Fernández, Luis
Entry Nombre Personal
001 - NUMERO DE CONTROL
- campo de control: 37250
003 - IDENTIFICADOR DE NUMERO DE CONTROL
- campo de control: UPN
005 - FECHA Y HORA DE LA ÜLTIMA TRANSACCIÓN
- campo de control: 20221122124459.0
008 - DATOS DE LONGITUD FIJA
- campo de control de longitud fija: 221122n||acannaabn a aaa |d
035 ## - NUMERO DE CONTROL
- Número de control: UPN11000009357
040 ## - FUENTE DE CATALOGACIÓN
- Agencia original de catalogación: UPN
- Lenguaje de catalogación: spa
- Agencia de transcripción: UPN
100 1# - ENCABEZAMIENTO - NOMBRE PERSONAL
- Nombre personal: Sobrado Fernández, Luis
400 1# - VEÁSE - NOMBRE DE PERSONA
- Personal name: Sobrado Fernández, Luis M.
670 ## - FUENTE EN LA QUE SE LOCALIZARON DATOS
- Cita de la fuente: Evaluación psicopedagógica y orientación educativa, 2000:
- Información localizada: portada (Luis Sobrado Fernández)
670 ## - FUENTE EN LA QUE SE LOCALIZARON DATOS
- Cita de la fuente: Tecnologías de la información y comunicación : uso en orientación profesional y en la formación, 2011:
- Información localizada: portada (Luis M. Sobrado Fernández)
680 ## - NOTA PUBLICA DE ACCESO PÚBLICO
- Frase explicativa de la referencia: España. Dr. en Pedagogía. Inspector de educación. Profesor tutor de la Universidad Nacional de Educación a Distancia (UNED). Catedrático de la Universidad de Santiago de Compostela.
902 ## - CATALOGADOR
- Catalogador: EMR/170615
